| 000 | 00999nam a2200253Ia 4500 | ||
|---|---|---|---|
| 003 | OSt | ||
| 005 | 20220923224500.0 | ||
| 006 | a|||||r|||| 00| 0 | ||
| 007 | ta | ||
| 008 | 220922b |||||||| |||| 00| 0 hin d | ||
| 024 | _a235,909 | ||
| 037 | _cTextual | ||
| 040 |
_aARTS _cARTS _bhin |
||
| 041 |
_2hin _ahin |
||
| 082 | _a26, 152N4 | ||
| 100 |
_aशर्मा, एस. के.; शर्मा, विनोद कुमार _9168024 |
||
| 245 | 0 | _aविशिष्ठ पुस्तकालय एंव अनुसन्धान | |
| 246 | _aVishiṣhṭha pustakālaya eanva anusandhāna | ||
| 260 |
_aदिल्ली _b कादम्बरी प्रकाशन _c1994 |
||
| 300 |
_a176पृ. _ccm. |
||
| 650 |
_aपुस्तकालय-सूचना प्रौद्योगिकी _9158639 |
||
| 942 |
_h26, 152N4 _cTEXL _2CC |
||
| 999 |
_c371751 _d371751 |
||